| 000 | 00671nam a2200169 a 4500 | ||
|---|---|---|---|
| 008 | 120620s1995 ||||||||||||||||| || u | ||
| 020 | _a9241401044 | ||
| 050 | _aRC 111 Wor | ||
| 110 | _aWorld Health Organization (WHO) | ||
| 245 | 1 | 0 | _aWHO model prescribing information: drugs used in parasitic diseases. (2nd ed.) |
| 250 | _a2nd ed. | ||
| 260 |
_aGeneva: _bWHO _c1995 |
||
| 300 | _a146p.: ill. | ||
| 500 | _aBlue Trunk Library Collection (WHO). | ||
| 650 | _aPARASITIC DISEASES | ||
| 995 |
_aMEDICAL LIBRARY OPEN ACCESS _e743065 _FCBU-SCHOOL OF MEDICINE LIBRARY (Ndola) _jBTL RC 111 Wor (BOX 180) _UAVAILABLE _WJul 25, 2012 _y743065 _ZMedical Library Open Access Collection |
||
| 999 |
_c33000 _d33000 |
||